00542nam a2200193 a 4500001001300000003000900013005001700022008004100039020001300080082001300093100002400106245007400130260003900204300000900243500003500252505001000287650002700297700002400324nice12345678IN_TiNIC20260116015206.0050524s2004 illa grp 000 0 eng  ac1359.200a234bTIE aTiessen, Terrance L aWho Can Be Saved? Reassessing Salvation in Christ and World Religions aIllinoisbIntervarsity Pressc2004 a511p aincludes index and biblioraphy2 aIndex aSalvation-Christianity1 aTiessen, Terrance L